Expozícia úžitkového umenia, designu a architektúry 1900-1995 : Katalóg Slovenskej národnej galérie

Enregistré dans:
Détails bibliographiques
Format: Livre
Langue:slovaque
Publié: Bratislava : SNG, 1995
Sujets:
Tags: Ajouter un tag
Pas de tags, Soyez le premier à ajouter un tag!

MARC

LEADER 00000nam a22000003a 4500
001 stu11684
005 20150408161507.1
008 951103s1995----xo------------------slo-d
020 |a 8085188538 
040 |a STU  |b slo 
041 0 |a slo 
044 |a xo 
245 |a Expozícia úžitkového umenia, designu a architektúry 1900-1995 :  |b Katalóg Slovenskej národnej galérie 
260 |a Bratislava :  |b SNG,  |c 1995 
300 |a nestr 
650 7 |a umenie výtvarné  |2 stusub 
650 7 |a Umenie úžitkové  |2 stusub 
650 7 |a sklo  |2 stusub 
650 7 |a galéria  |2 stusub 
996 |b 284AU00497  |c A*2715 U  |l AAKNAR  |s A  |a 24  |w stu11684_0001